Prespuestos participativos:proyectos políticos, cogestión de poder y alcance democrático /

El presupuesto participativo ha sido considerado como una de las experiencias de gestión democrática más innovadoras en América Latina en la década de los noventa y ha atraído la atención de investigadores, gobernantes, líderes sociales y de organismos internacionales. En general se puede decir que,...

全面介紹

Guardado en:
書目詳細資料
主要作者: Chaves Teixeira, Ana Claudia
其他作者: Albuquerque, Maria Do. Carmo
格式: Texto
語言:Spanish
主題:
標簽: 添加標簽
沒有標簽, 成為第一個標記此記錄!

MARC

LEADER 00000 a a2200000 04500
001 42358
003 cru CIDCACS/IIS
005 20180216143613.0
008 180216b ||||| |||| 00| 0 spa d
999 |c 30090  |d 30090 
040 |c cru CIDCACS/IIS 
100 |a Chaves Teixeira, Ana Claudia  
245 |a Prespuestos participativos:proyectos políticos, cogestión de poder y alcance democrático /  |c Ana Claudia Chaves Teixeira ; Maria Do. Carmo Albuquerque  
520 |a El presupuesto participativo ha sido considerado como una de las experiencias de gestión democrática más innovadoras en América Latina en la década de los noventa y ha atraído la atención de investigadores, gobernantes, líderes sociales y de organismos internacionales. En general se puede decir que, no obstante en cada municipio y en cada estado se han utililzado diferentes metodologías, esa experiencia representa un espacio abierto por el poder ejecutivo para que cualquier ciudadano pueda participar en la toma de decisiones sobre el destino del presupuesto público. Este artículo tiene como objetivo debatir cómo se dan las relaciones entre sociedad política y sociedad civil en experiencias de presupuesto participativo.  
650 |a ELABORACION DE PRESUPUESTOS  
650 |a PARTICIPACION SOCIAL  
650 |a GOBIERNO LOCAL  
650 |a BRASIL  
650 |a CIUDADANIA  
700 |a Albuquerque, Maria Do. Carmo 
773 |g páginas 192-242  
942 |2 ddc  |c LI